000 01183cam a2200325 a 4500
001 2619
005 20240105105321.0
020 _a0590479636
020 _a9780590479639
040 _aDLC
_cDLC
_dDLC
_beng
050 0 0 _aHV1624.K4
_bL86 1995
082 0 0 _a362.4/1/092
_aB
_220
100 1 _aLundell, Margo
245 1 2 _aA girl named Helen Keller /
_cby Margo Lundell ; illustrated by Irene Trivas
250 _aThis edition first printing, April 2008
260 _aNew York :
_bScholastic,
_c1995
300 _a44 unnumbered pages :
_bcolor illustrations ;
_c23 cm
505 _aI
520 _aRecounts the life of Helen Keller, who had lost her sight and hearing by age 2, focusing on her early childhood and how her teacher Anne Sullivan succeeded in teaching her to understand the manual alphabet.
521 _a520
_bLexile
521 _aI
_bRaz-Plus
650 0 _aDeafblind women
_zUnited States
_vBiography
_vJuvenile literature.
650 1 _aBlind.
650 1 _aDeaf.
650 1 _aPeople with disabilities.
650 1 _aWomen
_vBiography.
700 1 _aTrivas, Irene
_eillustrator
906 _a7
_bcbc
_corignew
_d1
_eocip
_f19
_gy-gencatlg
942 _2ddc
_cBK
_n0
999 _c2619
_d2619